Schur algebras and representation theory /
Guardado en:
| Autor Principal: | |
|---|---|
| Formato: | Libro |
| Idioma: | English |
| Publicado: |
Cambridge :
Cambridge University Press,
1993.
|
| Series: | Cambridge tracts in mathematics ;
112 |
| Materias: | |
| Acceso en línea: | Publisher description |
| Etiquetas: |
Agregar Etiqueta
Sin Etiquetas, Sea el primero en etiquetar este registro!
|
| LEADER | 01162cam a2200253 a 4500 | ||
|---|---|---|---|
| 001 | MAT.inmabb003639 | ||
| 008 | 940429s1993####enk######b####001#0#eng#d | ||
| 005 | 20130304103139.0 | ||
| 245 | 1 | 0 | |a Schur algebras and representation theory / |c Stuart Martin. |
| 260 | |a Cambridge : |b Cambridge University Press, |c 1993. | ||
| 300 | |a xv, 232 p. ; |c 24 cm. | ||
| 440 | 0 | |a Cambridge tracts in mathematics ; |v 112 | |
| 504 | |a Incluye referencias bibliográficas (p. 220-226) e índices. | ||
| 505 | 0 | |a 1. Polynomial functions and combinatorics -- 2. The Schur algebra -- 3. Representation theory of the Schur algebra -- 4. Schur functors and the symmetric group -- 5. Block theory -- 6. The $q$-Schur algebra -- 7. Representation theory of $S_q(n,r)$. | |
| 510 | 4 | |a MR, |c 95f:20071 | |
| 020 | |a 0521415918 | ||
| 100 | 1 | |a Martin, Stuart, |d 1964- | |
| 650 | 0 | |a Representations of groups. | |
| 650 | 0 | |a Representations of algebras. | |
| 084 | |a 20G05 (05E10 17B37 20C30) |2 msc2000 | ||
| 010 | |a 94122485 | ||
| 040 | |a Uk |c Uk |d OOxM |d WU |d DLC | ||
| 856 | 4 | 2 | |3 Publisher description |u http://www.loc.gov/catdir/description/cam026/94122485.html |
| 859 | |h 20 |i M379 |p A-7496 |b BIB. MATEMATICA | ||
